000 00809nam a2200277Ia 4500
003 OSt
005 20221006153253.0
006 a|||||r|||| 00| 0
007 ta
008 221006b |||||||| |||| 00| 0 kor d
020 _a9788930080606
_cW 18,000
024 _a31,832
037 _bGift, Korean Embassy
_cTextual
040 _aEASL
_cEASL
_bkor
041 _2kor
_akor
082 _aW.495, P4
100 _aJEONG Beom-Mo Au.
_9663231
245 0 _aHanguk-ui naeil-eul mun-neunda
_b Gukreok. Gukkyeok. Kyoyuk
260 _aGyeongido
_bNanam Korea
_c2004
300 _a415p.
_ccm.
490 _v KL
650 _a KL
650 _aNational power and national status
_9663232
942 _hW.495, P4
_cTEXL
_2CC
999 _c1099918
_d1099918